Bhasar tattva kotha (Record no. 2455)

MARC details
000 -LEADER
fixed length control field 00521cam a2200217ua 4500
001 - CONTROL NUMBER
control field 2604
005 - DATE AND TIME OF LATEST TRANSACTION
control field 20260515113532.0
008 - FIXED-LENGTH DATA ELEMENTS--GENERAL INFORMATION
fixed length control field 110829n ii |||gr||||Z||||||asm
020 ## - INTERNATIONAL STANDARD BOOK NUMBER
International Standard Book Number 81-7206-189-4
040 ## - CATALOGING SOURCE
Transcribing agency MAIN
082 ## - DEWEY DECIMAL CLASSIFICATION NUMBER
Classification number 410
100 1# - MAIN ENTRY--PERSONAL NAME
Personal name Padun, Nahendra,
245 11 - TITLE STATEMENT
Title Bhasar tattva kotha
Statement of responsibility, etc. by Nahendra Padun
250 ## - EDITION STATEMENT
Edition statement 1st.
260 ## - PUBLICATION, DISTRIBUTION, ETC.
Place of publication, distribution, etc. Dibrugarh:
Name of publisher, distributor, etc. bani Mandir,
Date of publication, distribution, etc. 2004.
300 ## - PHYSICAL DESCRIPTION
Extent 362p:
Dimensions 23cm.
653 ## - INDEX TERM--UNCONTROLLED
Uncontrolled term Language
653 ## - INDEX TERM--UNCONTROLLED
Uncontrolled term Assamese language
653 ## - INDEX TERM--UNCONTROLLED
Uncontrolled term Bhasar tattva kotha
942 ## - ADDED ENTRY ELEMENTS (KOHA)
Koha item type Books
Holdings
Withdrawn status Lost status Damaged status Not for loan Home library Current library Shelving location Date acquired Total checkouts Full call number Barcode Date last seen Date last checked out Copy number Price effective from Koha item type
        Naharkatiya College Library Naharkatiya College Library General stacks 09/19/2020 5 410 | PAD 16301 04/04/2023 03/29/2023 1 09/19/2020 Books